000 00827nam a2200265Ia 4500
008 130821s2005 sp gr spa
020 _a8497592883
040 _aCo-BoUCM
_bspa
041 0 0 _aspa
100 1 _aRussell, Bertrand
_d1872-1970
_964519
245 1 3 _aLa conquista de la felicidad
_cBertrand Russell ; traducción de Juan Manuel Ibeas
250 _a6a. ed.
260 _aBarcelona (España)
_bDebolsillo
_c2005
300 _a206 páginas
490 0 _aEnsayo - Filosofía
_v1
650 0 4 _aAutoestima
_99778
650 0 4 _aÉtica
_9195
650 0 4 _aÉxito
_915413
650 0 4 _aFelicidad
_915625
650 0 4 _aMotivación
_919787
700 1 _aIbeas, Juan Manuel
_etr.
_9135784
765 0 _aThe conquest of happiness.
942 _cLIBRO
_a2
_e6
_mR961c
_2DEWEY
_h171.4
999 _c49362
_d49362